Unthinking social science : the limits of nineteenth-century paradigms
Αποθηκεύτηκε σε:
| Κύριος συγγραφέας: | |
|---|---|
| Μορφή: | Βιβλίο |
| Γλώσσα: | English |
| Δημοσίευση: |
Oxford :
Polity Press,
1991
|
| Θέματα: | |
| Ετικέτες: |
Προσθήκη ετικέτας
Δεν υπάρχουν, Καταχωρήστε ετικέτα πρώτοι!
|
MARC
| LEADER | 00000nam a2200000 i 4500 | ||
|---|---|---|---|
| 001 | 1/92719 | ||
| 008 | 940302s1991 eng d | ||
| 020 | |a 0-7456-0911-2 | ||
| 035 | |l 10008576 | ||
| 040 | |a GR-MY-UA |b gre |e aacr | ||
| 041 | 0 | |a eng | |
| 082 | 0 | |a 300.1 | |
| 100 | 1 | |a Wallerstein, Immanuel Maurice |d 1930- | |
| 245 | 1 | 0 | |a Unthinking social science : |b the limits of nineteenth-century paradigms / |c Immanuel Wallerstein |
| 260 | |a Oxford : |b Polity Press, |c 1991 | ||
| 300 | |a 286 p. | ||
| 500 | |a Bibliography: p.273-279. Index. | ||
| 650 | 0 | 0 | |a Social sciences. |
| 650 | 0 | 0 | |a Social sciences |x Philosophy. |
| 852 | |a INST |b LESVOS |e 19940302 |h 300.1 WAL |p 005100010076 |q 005100010076 |t BK |y 0 | ||
| 909 | |a Λ |b 032810 | ||